000 00525nam a2200181Ia 4500
005 20250423100841.0
008 250422s9999 xx 000 0 und d
020 _a9757796166
050 _aBP 189.4 .S24/
100 _aEl-Isfahani, Ebu Nuaym
245 0 _aSahabeden günümüze Allah dostları 9
260 _aİstanbul
260 _bŞule yayınları
260 _c2002
300 _a477 p
650 _aDin İslam Dini İslam dini tarihi ve Siyer İslam uluları biyografyası (Ekâbir-i İslâmiye)
942 _cBK
999 _c34530
_d34530